书目信息 |
| 书名: | ENCYCLOPEDIA OF MATHEMATICS AND ITS APPLICATIONS | |
| 作者: | William B. Jones, W. J. Thron ; foreword by Felix E. Browder ; introd. by Peter Henrici. | |
| 分册号: | ||
| 分册名: | Continued fractions :analytic theory and applications. | 出版地: | Reading, Mass. : |
|
| 出版社: | Addison-Wesley Pub. Co | |
| 出版时间: | 1980. | |
| 页数: | xxviii, 428 p. : | |
| 开本: | 25 cm. | |
| 丛书名: | Encyclopedia of mathematics and its applications | |
| 中图分类号: | ||
| 科图分类号: | ||
| 其他分类号: | O1-61 | |
| 主题词: | ||
| 电子资源: | ||
| 000 | 01244nam 2200325 a 4500 | |
| 001 | E0754472563 | |
| 003 | DLC | |
| 005 | 20070429160137.48 | |
| 008 | @b@b@b@b@b@b@b 00110 eng | |
| 008 | @1@1@1@1@1@1@1 uu | |
| 010 | @a80024255 //r943 | |
| 020 | @a0201135108. | |
| 040 | @aDLC @cDLC @dDLC | |
| 049 | @aN5LA | |
| 050 | 00 | @aQA295 @b.J64 |
| 082 | 00 | @a515/.243 @219 |
| 090 | @a2/O212/JWB/////////394655/755727/ cop.2 | |
| 090 | @aO1-61 | |
| 096 | @aO212 @v2 | |
| 099 | @dO1-61@ex4:11 | |
| 100 | 10 | @aJones, William B. @q(William Branham), @d1931- |
| 245 | 10 | @aENCYCLOPEDIA OF MATHEMATICS AND ITS APPLICATIONS / @cWilliam B. Jones, W. J. Thron ; foreword by Felix E. Browder ; introd. by Peter Henrici.@nvolume 11,@pContinued fractions :analytic theory and applications. |
| 260 | 0 | @aReading, Mass. :@bAddison-Wesley Pub. Co.,@c1980. |
| 300 | @axxviii, 428 p. :@bill. ;@c25 cm. | |
| 440 | 0 | @aEncyclopedia of mathematics and its applications ; @vv. 11 |
| 500 | @aIncludes indexes. | |
| 504 | @aBibliography: p. 404-419. | |
| 650 | 0 | @aContinued fractions. |
| 700 | 10 | @aThron, Wolfgang J., @ejoint author. @b00 @c20020930 @lNLC09 @h2248 @lNLC09 @h2320 @lNLC09 @h1911 |
| 852 | 9 | @bWWJC @cJ08S @k2 @hO212 @iJWB |
| ENCYCLOPEDIA OF MATHEMATICS AND ITS APPLICATIONS / / William B. Jones, W. J. Thron ; foreword by Felix E. Browder ; introd. by Peter Henrici.. volume 11,. Continued fractions :analytic theory and applications.-Reading, Mass. : : Addison-Wesley Pub. Co., , 1980. |
| xxviii, 428 p. : : ill. ; ; 25 cm.- (Encyclopedia of mathematics and its applications ; v. 11 ) |
| Includes indexes.-Bibliography: p. 404-419. |
| ISBN 0201135108. |
| ● |
| 相关链接 |
|
|
|
|
正题名:ENCYCLOPEDIA OF MATHEMATICS AND ITS APPLICATIONS
索取号:O1-61/x4:11
 
预约/预借
| 序号 | 登录号 | 条形码 | 馆藏地/架位号 | 状态 | 备注 |
| 1 | 182933 | 001692449 | 第二样本阅览室/ [索取号:O1-61/x4:11] | 在馆 | |
| 2 | 182934 | 001692378 | 第四借阅区/ [索取号:O1-61/x4:11] | 在馆 |